| 000 | 01671nam a22004217a 4500 | ||
|---|---|---|---|
| 003 | CHAP | ||
| 005 | 20220329143757.0 | ||
| 008 | 110810s2011 mx r 00010 spa d | ||
| 010 | _a101771 | ||
| 011 | _a102743 | ||
| 035 | _a113432 | ||
| 040 | _cCHAP | ||
| 090 | _aTesis | ||
| 100 | 1 |
_aValentín Miguel, María Celedonia. _9117470 |
|
| 245 | 1 | 0 |
_aCrecimiento y extracción de macronutrimentos del chile de agua (Capsicum annuum L.) _h[En línea] _c/por Maria Celedonia Valentin Miguel |
| 260 |
_aChapingo, Méx. : _bEl autor, _c2011 |
||
| 500 | _aPara ver el contenido del material haga clic en la liga | ||
| 502 | _aTesis (M.C. en Horticultura) -- UACH. Departamento de Fitotecnia | ||
| 590 |
_aALEPH _b10 _c20130110 _lUCH01 _h1541 |
||
| 590 |
_aBATCH-UPD _b10 _c20130110 _lUCH01 _h0917 |
||
| 590 |
_aBATCH-UPD _b10 _c20130410 _lUCH01 _h0540 |
||
| 590 |
_aBATCH-UPD _b10 _c20130914 _lUCH01 _h0841 |
||
| 590 |
_aBATCH-UPD _b10 _c20140324 _lUCH01 _h1526 |
||
| 590 |
_aBATCH-UPD _b10 _c20141002 _lUCH01 _h0850 |
||
| 590 |
_aCONVERSION _b10 _c20130109 _lUCH01 _h1356 |
||
| 650 | 1 | 4 |
_aCapsicum annum. _918733 |
| 650 | 1 | 4 |
_aChile (Botánica) _xCrecimiento. _922350 |
| 650 | 1 | 4 |
_aChile (Botánica) _xFisiología y morfología. _922360 |
| 650 | 1 | 4 |
_aCiclo biológico. _923050 |
| 650 | 1 | 4 |
_aCultivos en invernadero. _930376 |
| 650 | 1 | 4 |
_aHidroponía. _955280 |
| 650 | 1 | 4 |
_aSoluciones nutritivas. _9108527 |
| 856 |
_3Finding aid _uhttp://10.13.5.2/tesis/113432.pdf _zTeclea aquì |
||
| 901 | _aBK | ||
| 942 | _cFOLL | ||
| 949 |
_aTesis _bBC _cTES _d33724002244587 _eTS1 _gDonaciØn _h52568 _i113432 _st |
||
| 949 |
_aTesis _bBC _cTES _d33724002244629 _eTS2 _fc.2 _gDonaciØn _h52569 _i113432 _st |
||
| 999 |
_c101771 _d101771 |
||